|
|
|
|
| LEADER |
00000nam0a2200000 4500 |
| 001 |
368761 |
| 005 |
20231102012121.0 |
| 035 |
|
|
|a (RuTPU)RU\TPU\retro\26143
|
| 090 |
|
|
|a 368761
|
| 100 |
|
|
|a 20220419d1978 k y0rusy50 ca
|
| 101 |
0 |
|
|a rus
|
| 102 |
|
|
|a UA
|
| 105 |
|
|
|a a z 001zy
|
| 200 |
1 |
|
|a Теплообмен в энергетических установках
|e сборник научных трудов
|f Академия наук Украинской ССР, Институт технической теплофизики ; отв. ред. В. И. Толубинский
|
| 210 |
|
|
|a Киев
|c Наукова думка
|d 1978
|
| 215 |
|
|
|a 176 с.
|c ил.
|
| 320 |
|
|
|a Библиогр. в конце ст.
|
| 606 |
1 |
|
|a Энергетические установки
|x Теплообмен
|2 stltpush
|3 (RuTPU)RU\TPU\subj\21300
|9 46318
|
| 610 |
1 |
|
|a узлы
|
| 610 |
1 |
|
|a элементы
|
| 610 |
1 |
|
|a кипение
|
| 610 |
1 |
|
|a течение
|
| 610 |
1 |
|
|a жидкости
|
| 610 |
1 |
|
|a течения в трубах
|
| 610 |
1 |
|
|a газовые турбины
|
| 610 |
1 |
|
|a лопатки
|
| 610 |
1 |
|
|a охлаждение
|
| 610 |
1 |
|
|a теплопроводность
|
| 675 |
|
|
|a 620.9.002.5:53
|v 4
|
| 702 |
|
1 |
|a Толубинский
|b В. И.
|4 340
|
| 712 |
0 |
2 |
|a Академия наук Украинской ССР
|b Институт технической теплофизики
|c (Киев)
|2 stltpush
|3 (RuTPU)RU\TPU\col\1122
|9 23520
|
| 801 |
|
1 |
|a RU
|b 63413507
|c 20220419
|
| 942 |
|
|
|c BK
|